<?xml version="1.0" encoding="UTF-8"?>
<record
    xmlns:xsi="http://www.w3.org/2001/XMLSchema-instance"
    xsi:schemaLocation="http://www.loc.gov/MARC21/slim http://www.loc.gov/standards/marcxml/schema/MARC21slim.xsd"
    xmlns="http://www.loc.gov/MARC21/slim">

  <leader>00968nas a2200253 454500</leader>
  <controlfield tag="001">10455</controlfield>
  <controlfield tag="005">20260407193504.0</controlfield>
  <controlfield tag="008">260407s2012####ag###########|||spa#d</controlfield>
  <controlfield tag="003">AR-UNSa-BCEJYS</controlfield>
  <datafield tag="040" ind1=" " ind2=" ">
    <subfield code="a">AR-UNSa-BCEJYS</subfield>
    <subfield code="b">spa</subfield>
    <subfield code="c">AR-UNSa-BCEJYS</subfield>
  </datafield>
  <datafield tag="080" ind1=" " ind2=" ">
    <subfield code="a">34</subfield>
    <subfield code="x">Derecho</subfield>
  </datafield>
  <datafield tag="245" ind1="1" ind2="0">
    <subfield code="a">Derecho privado</subfield>
  </datafield>
  <datafield tag="022" ind1=" " ind2=" ">
    <subfield code="a">2250-7582</subfield>
  </datafield>
  <datafield tag="264" ind1=" " ind2="1">
    <subfield code="a">Buenos Aires :</subfield>
    <subfield code="b">Ministerio de Justicia y Derechos Humanos de la Naci&#xF3;n</subfield>
    <subfield code="c">2012</subfield>
  </datafield>
  <datafield tag="310" ind1=" " ind2=" ">
    <subfield code="a">Frecuencia: Cuatrimestral</subfield>
  </datafield>
  <datafield tag="505" ind1=" " ind2=" ">
    <subfield code="a">Derecho Privado, &#xE1;rea directamente vinculada con la calidad de vida de las personas y las posibilidades de desarrollo de una sociedad robusta, asentada en t&#xE9;rminos de equidad y de justicia.</subfield>
  </datafield>
  <datafield tag="942" ind1=" " ind2=" ">
    <subfield code="c">SER</subfield>
  </datafield>
  <datafield tag="590" ind1=" " ind2=" ">
    <subfield code="a">niveau_biblio:s niveau_hierar:1</subfield>
  </datafield>
  <datafield tag="100" ind1="1" ind2=" ">
    <subfield code="a">Picasso, Sebasti&#xE1;n</subfield>
  </datafield>
  <datafield tag="700" ind1="1" ind2=" ">
    <subfield code="a">Caramelo, Gustavo</subfield>
  </datafield>
  <datafield tag="650" ind1=" " ind2=" ">
    <subfield code="a">Aborto</subfield>
  </datafield>
  <datafield tag="650" ind1=" " ind2=" ">
    <subfield code="a">DERECHO PRIVADO</subfield>
  </datafield>
  <datafield tag="856" ind1="4" ind2="1">
    <subfield code="u">https://biblioeco.unsa.edu.ar/pmb/images/revistas/Derecho Privado.jpg</subfield>
    <subfield code="y">Imagen de portada</subfield>
    <subfield code="q">image/jpeg</subfield>
  </datafield>
  <datafield tag="999" ind1=" " ind2=" ">
    <subfield code="c">8444</subfield>
    <subfield code="d">8444</subfield>
  </datafield>
  <datafield tag="952" ind1=" " ind2=" ">
    <subfield code="0">0</subfield>
    <subfield code="1">0</subfield>
    <subfield code="4">0</subfield>
    <subfield code="7">0</subfield>
    <subfield code="a">BCEJYS</subfield>
    <subfield code="b">BCEJYS</subfield>
    <subfield code="c">17</subfield>
    <subfield code="d">2015-03-01</subfield>
    <subfield code="h">A&#xF1;o III, N&#xBA; 10 - mar. 2015</subfield>
    <subfield code="l">0</subfield>
    <subfield code="o">H34 PRI 10</subfield>
    <subfield code="p">R17596</subfield>
    <subfield code="r">2026-04-10 16:07:13</subfield>
    <subfield code="w">2026-04-10</subfield>
    <subfield code="y">RN</subfield>
  </datafield>
  <datafield tag="952" ind1=" " ind2=" ">
    <subfield code="0">0</subfield>
    <subfield code="1">0</subfield>
    <subfield code="4">0</subfield>
    <subfield code="7">0</subfield>
    <subfield code="a">BCEJYS</subfield>
    <subfield code="b">BCEJYS</subfield>
    <subfield code="c">17</subfield>
    <subfield code="d">2014-12-01</subfield>
    <subfield code="h">A&#xF1;o III, N&#xBA; 9 - dic. 2014</subfield>
    <subfield code="l">0</subfield>
    <subfield code="o">H34 PRI 9</subfield>
    <subfield code="p">R13720</subfield>
    <subfield code="r">2026-04-10 16:07:13</subfield>
    <subfield code="w">2026-04-10</subfield>
    <subfield code="y">RN</subfield>
  </datafield>
  <datafield tag="952" ind1=" " ind2=" ">
    <subfield code="0">0</subfield>
    <subfield code="1">0</subfield>
    <subfield code="4">0</subfield>
    <subfield code="7">0</subfield>
    <subfield code="a">BCEJYS</subfield>
    <subfield code="b">BCEJYS</subfield>
    <subfield code="c">17</subfield>
    <subfield code="d">2014-06-01</subfield>
    <subfield code="h">A&#xF1;o III, N&#xBA; 8 - jun. 2014</subfield>
    <subfield code="l">0</subfield>
    <subfield code="o">H34 PRI 8</subfield>
    <subfield code="p">R12488</subfield>
    <subfield code="r">2026-04-10 16:07:13</subfield>
    <subfield code="w">2026-04-10</subfield>
    <subfield code="y">RN</subfield>
  </datafield>
  <datafield tag="952" ind1=" " ind2=" ">
    <subfield code="0">0</subfield>
    <subfield code="1">0</subfield>
    <subfield code="4">0</subfield>
    <subfield code="7">0</subfield>
    <subfield code="a">BCEJYS</subfield>
    <subfield code="b">BCEJYS</subfield>
    <subfield code="c">17</subfield>
    <subfield code="d">2013-11-01</subfield>
    <subfield code="h">A&#xF1;o II, N&#xBA; 7 - nov. 2013</subfield>
    <subfield code="l">0</subfield>
    <subfield code="o">H34 PRI 7</subfield>
    <subfield code="p">R10574</subfield>
    <subfield code="r">2026-04-10 16:07:13</subfield>
    <subfield code="w">2026-04-10</subfield>
    <subfield code="y">RN</subfield>
  </datafield>
  <datafield tag="952" ind1=" " ind2=" ">
    <subfield code="0">0</subfield>
    <subfield code="1">0</subfield>
    <subfield code="4">0</subfield>
    <subfield code="7">0</subfield>
    <subfield code="a">BCEJYS</subfield>
    <subfield code="b">BCEJYS</subfield>
    <subfield code="c">17</subfield>
    <subfield code="d">2013-06-01</subfield>
    <subfield code="h">A&#xF1;o II, N&#xBA; 5 - jun. 2013</subfield>
    <subfield code="l">0</subfield>
    <subfield code="o">H34 PRI 5</subfield>
    <subfield code="p">R08406</subfield>
    <subfield code="r">2026-04-10 16:07:13</subfield>
    <subfield code="w">2026-04-10</subfield>
    <subfield code="y">RN</subfield>
  </datafield>
  <datafield tag="952" ind1=" " ind2=" ">
    <subfield code="0">0</subfield>
    <subfield code="1">0</subfield>
    <subfield code="4">0</subfield>
    <subfield code="7">0</subfield>
    <subfield code="a">BCEJYS</subfield>
    <subfield code="b">BCEJYS</subfield>
    <subfield code="c">17</subfield>
    <subfield code="d">2013-06-01</subfield>
    <subfield code="h">A&#xF1;o II, N&#xBA; 5 - jun. 2013</subfield>
    <subfield code="l">0</subfield>
    <subfield code="o">H34 PRI 5 Ej.2</subfield>
    <subfield code="p">R08407</subfield>
    <subfield code="r">2026-04-10 16:07:13</subfield>
    <subfield code="w">2026-04-10</subfield>
    <subfield code="y">RN</subfield>
  </datafield>
  <datafield tag="952" ind1=" " ind2=" ">
    <subfield code="0">0</subfield>
    <subfield code="1">0</subfield>
    <subfield code="4">0</subfield>
    <subfield code="7">0</subfield>
    <subfield code="a">BCEJYS</subfield>
    <subfield code="b">BCEJYS</subfield>
    <subfield code="c">17</subfield>
    <subfield code="d">2013-03-01</subfield>
    <subfield code="h">A&#xF1;o II, N&#xBA; 4 - mar. 2013</subfield>
    <subfield code="l">0</subfield>
    <subfield code="o">H34 PRI 4</subfield>
    <subfield code="p">R07225</subfield>
    <subfield code="r">2026-04-10 16:07:13</subfield>
    <subfield code="w">2026-04-10</subfield>
    <subfield code="y">RN</subfield>
  </datafield>
  <datafield tag="952" ind1=" " ind2=" ">
    <subfield code="0">0</subfield>
    <subfield code="1">0</subfield>
    <subfield code="4">0</subfield>
    <subfield code="7">0</subfield>
    <subfield code="a">BCEJYS</subfield>
    <subfield code="b">BCEJYS</subfield>
    <subfield code="c">17</subfield>
    <subfield code="d">2012-12-01</subfield>
    <subfield code="h">A&#xF1;o I, N&#xBA; 3 - dic. 2012</subfield>
    <subfield code="l">0</subfield>
    <subfield code="o">H34 PRI 3</subfield>
    <subfield code="p">R06306</subfield>
    <subfield code="r">2026-04-10 16:07:13</subfield>
    <subfield code="w">2026-04-10</subfield>
    <subfield code="y">RN</subfield>
  </datafield>
  <datafield tag="952" ind1=" " ind2=" ">
    <subfield code="0">0</subfield>
    <subfield code="1">0</subfield>
    <subfield code="4">0</subfield>
    <subfield code="7">0</subfield>
    <subfield code="a">BCEJYS</subfield>
    <subfield code="b">BCEJYS</subfield>
    <subfield code="c">17</subfield>
    <subfield code="d">2012-09-01</subfield>
    <subfield code="h">A&#xF1;o I, N&#xBA; 2 - sep. 2012</subfield>
    <subfield code="l">0</subfield>
    <subfield code="o">H34 PRI 2</subfield>
    <subfield code="p">R05943</subfield>
    <subfield code="r">2026-04-10 16:07:13</subfield>
    <subfield code="w">2026-04-10</subfield>
    <subfield code="y">RN</subfield>
  </datafield>
  <datafield tag="952" ind1=" " ind2=" ">
    <subfield code="0">0</subfield>
    <subfield code="1">0</subfield>
    <subfield code="4">0</subfield>
    <subfield code="7">0</subfield>
    <subfield code="a">BCEJYS</subfield>
    <subfield code="b">BCEJYS</subfield>
    <subfield code="c">17</subfield>
    <subfield code="d">2012-09-01</subfield>
    <subfield code="h">A&#xF1;o I, N&#xBA; 2 - sep. 2012</subfield>
    <subfield code="l">0</subfield>
    <subfield code="o">H34 PRI 2 Ej.2</subfield>
    <subfield code="p">R05935</subfield>
    <subfield code="r">2026-04-10 16:07:13</subfield>
    <subfield code="w">2026-04-10</subfield>
    <subfield code="y">RN</subfield>
  </datafield>
  <datafield tag="952" ind1=" " ind2=" ">
    <subfield code="0">0</subfield>
    <subfield code="1">0</subfield>
    <subfield code="4">0</subfield>
    <subfield code="7">0</subfield>
    <subfield code="a">BCEJYS</subfield>
    <subfield code="b">BCEJYS</subfield>
    <subfield code="c">17</subfield>
    <subfield code="d">2012-05-01</subfield>
    <subfield code="h">A&#xF1;o I, N&#xBA; 1 - mayo 2012</subfield>
    <subfield code="l">0</subfield>
    <subfield code="o">H34 PRI 1</subfield>
    <subfield code="p">R05933</subfield>
    <subfield code="r">2026-04-10 16:07:13</subfield>
    <subfield code="w">2026-04-10</subfield>
    <subfield code="y">RN</subfield>
  </datafield>
  <datafield tag="952" ind1=" " ind2=" ">
    <subfield code="0">0</subfield>
    <subfield code="1">0</subfield>
    <subfield code="4">0</subfield>
    <subfield code="7">0</subfield>
    <subfield code="a">BCEJYS</subfield>
    <subfield code="b">BCEJYS</subfield>
    <subfield code="c">17</subfield>
    <subfield code="d">2012-05-01</subfield>
    <subfield code="h">A&#xF1;o I, N&#xBA; 1 - mayo 2012</subfield>
    <subfield code="l">0</subfield>
    <subfield code="o">H34 PRI 1 Ej.2</subfield>
    <subfield code="p">R05934</subfield>
    <subfield code="r">2026-04-10 16:07:13</subfield>
    <subfield code="w">2026-04-10</subfield>
    <subfield code="y">RN</subfield>
  </datafield>
</record>
